000 00609nam a2200241 a 4500
001 nice12345678
003 IN_TiNIC
005 20260116011642.0
008 050524s1931 kasa grp 000 0 ara
020 _a
_c100
082 0 0 _a220.6
_bSMP
100 _aSwedish Mission, Press
245 _aKitabul Muqaddesning Beyani.
260 _aKashgar
_bAlbert Mission Press
_c1931
300 _a7p
500 _aincludes index and biblioraphy
505 2 _aAppendix
650 _aBible-Criticism & Interpretation
700 1 _aSwedish Mission, Press
902 _bSRS
942 _cBK
999 _c3155
_d3155